Developing active readers : ideas for parents, teachers, and librarians /

Bibliographic Details
Other Authors: Monson, Dianne L., McClenathan, DayAnn K.
Format: Book
Language:English
Published: Newark, Del. : International Reading Association, [1979]
Subjects:

MARC

Tag First Indicator Second Indicator Subfields
LEADER 00000pam a2200000 i 4500
001 in00000079464
005 20151008052850.0
008 790524s1979 deu b 00000 eng
010 |a  79009058  
020 |a 0872077276 
035 |a (OCoLC)05102012 
035 |9 AAH5231AM 
040 |a DLC  |c DLC  |d TXA  |d UtOrBLW 
049 |a TXAM  |c [1243070] 
050 0 0 |a Z1037.A1  |b D44 
082 0 |a 028.52 
245 0 0 |a Developing active readers :  |b ideas for parents, teachers, and librarians /  |c edited by Dianne L. Monson and DayAnn K. McClenathan. 
264 1 |a Newark, Del. :  |b International Reading Association,  |c [1979] 
264 4 |c ©1979 
300 |a viii, 104 pages ;  |c 22 cm. 
336 |a text  |b txt  |2 rdacontent 
337 |a unmediated  |b n  |2 rdamedia 
338 |a volume  |b nc  |2 rdacarrier 
504 |a Bibliography: pages 103-104. 
650 0 |a Children  |x Books and reading. 
650 0 |a Children's libraries. 
700 1 |a Monson, Dianne L. 
700 1 |a McClenathan, DayAnn K. 
999 |a MARS 
999 f f |s b1e37e11-2f93-32bc-85a0-a8530197be2b  |i 427490c8-c18b-32da-81e2-6581be975d3d  |t 0 
952 f f |p ric  |a Texas A&M University  |b Rellis Campus  |c Joint Library Facility  |d Remote Storage  |t 0  |e Z1037.A1 D44  |h Library of Congress classification  |i unmediated -- volume  |m A14842721616 
998 f f |a Z1037.A1 D44  |t 0  |l Remote Storage